000 00734nmc a2200253 a 4500
003 AR-BaBNM
005 20251128211807.0
008 176020s2004 ||||||||||||||000 | spa||
020 _a84-9700-185-0
040 _cAR-BaBNM
100 1 _aOjea Rúa, Manuel
245 1 0 _aEl espectro autista
_bintervención psicoeducativa
260 _aMálaga
_bEdiciones Aljibe
_c2004
300 0 _a127 p.
490 0 _aEscuela y necesidades educativas especiales
_v8
504 _aContiene referencias bibliográficas
650 4 _aAUTISMO
650 4 _aEDUCACION ESPECIAL
650 4 _aTRATAMIENTO PSICOTERAPEUTICO
650 4 _aPSICODIAGNOSTICO
653 0 _aNECESIDADES EDUCATIVAS ESPECIALES
942 _cBK
998 _cme-solo cat
999 _c21142
_d21142